Normal view
MARC view
Entry Personal Name
001 - CONTROL NUMBER
- control field: 32419
003 - CONTROL NUMBER IDENTIFIER
- control field: dpl
005 - DATE AND TIME OF LATEST TRANSACTION
- control field: 20110810163714.0
008 - FIXED-LENGTH DATA ELEMENTS
- fixed length control field: 110810|||a|||||| | ||| d
040 ## - CATALOGING SOURCE
- Original cataloging agency: dpl
- Transcribing agency: dpl
100 ## - HEADING--PERSONAL NAME
- Personal name: Saberwal, Satish
670 ## - SOURCE DATA FOUND
- Source citation: Work cat.: (dpl)11114: Saberwal, Satish, Spirals of contention:, 2008
670 ## - SOURCE DATA FOUND
- Source citation: Work cat.: (dpl)11114: Saberwal, Satish, Spirals of contention:, 2008
